000 00630nam a22001697a 4500
003 MACL
005 20160330133451.0
008 160330b xxu||||| |||| 00| 0 eng d
040 _cMACL
041 _aHindi
082 _a320
100 _aडी बन्‍घोपाध्‍याय अमिताभ मुखर्जी
_948944
245 _aमहिला पंचायत सदस्‍यों का सशक्तिकरण
260 _aदिल्‍ली
_bकॉन्‍सेप्‍ट पब्लिशिंग कम्‍पनी
650 _aPolitical Sci.
_934660
942 _2ddc
_cHIN
999 _c53642
_d53642